Study on framework of best practices to tackle child sexual abuse material online Executive summary (English)

Detalles Bibliográficos
Formato: eBook
Lenguaje:inglés
Publicado: Bruselas: European Union Publications Office, 2020
Materias:
Acceso en línea:Acceso restringido

MARC

LEADER 00000nam a22000007a 4500
005 2021093001511.0
007 cr|||| ||||
008 210930s2020 eu |||||s|||| 00||0 eng d
020 |a 978-92-76-20754-2 
035 |a 34503 
040 |a vLex 
090 |c 12458  |d 12458 
245 0 0 |a Study on framework of best practices to tackle child sexual abuse material online  |h [Recurso electrn̤ico] :  |b Executive summary (English) 
256 |a Servicio en ln̕ea 
260 |a Bruselas:  |b European Union Publications Office,  |c 2020 
300 |a 1 recurso electrn̤ico 
506 1 |a Disponible solo en los productos indicados  |d vLex Global  |d vLex Global (Academic Edition, excluding Law Schools)  |d vLex Global (U.S. Academic Edition, Law Schools)  |d vLex Global (U.S. Academic Edition, excluding Law Schools)  |d vLex Global (Academic Edition, Law Schools) 
650 0 4 |a Derecho Penal  |z Unin̤ Europea 
650 0 4 |a Derecho Comunitario  |z Unin̤ Europea 
740 0 |a vLex Libros (Servicio en ln̕ea) 
856 4 0 |u https://app.vlex.com/#/sources/34503  |z Acceso restringido 
942 |c BOOK 
999 0 |a Criminal Law 
999 0 |a Community Law